Hopscotch: activity book. Level two

সংরক্ষণ করুন:
গ্রন্থ-পঞ্জীর বিবরন
প্রধান লেখক: Graham, Carolyn (Author), Chapman, John (Author)
বিন্যাস: গ্রন্থ
ভাষা:ইংরেজি
প্রকাশিত: Nueva York Regents Publishing Company 1985
বিষয়গুলি:
ট্যাগগুলো: ট্যাগ যুক্ত করুন
কোনো ট্যাগ নেই, প্রথমজন হিসাবে ট্যাগ করুন!

MARC

LEADER 00000cam a2200000 a 4500
001 UCG9428
003 CL-VaPUC
008 120316e19850000US |||||||||||||||||eng|d
020 |a 0883455641 
082 0 4 |a 428  |b GRA  |2 21 
100 |a Graham, Carolyn  |e author  |9 611841 
700 0 |a Chapman, John  |e author  |9 561019 
245 1 0 |a Hopscotch: activity book. Level two 
300 |a 61 p 
942 |c BK 
945 |d 20120316 00:00:00  |a dcastane 
260 |a Nueva York  |b Regents Publishing Company  |c 1985 
650 0 |a Educación lingüística  |9 306506 
650 0 |a Métodos de enseñanza  |9 270413 
650 0 |a Enseñanza del inglés  |9 367340 
650 0 |a Lengua inglesa  |9 318842 
583 |a last modification  |c 20120316 11:38:00  |k Rodrigo Vera 
999 |c 346983  |d 346981 
952 |0 0  |1 0  |4 0  |6 428_000000000000000_GRA_1985  |7 0  |8 A  |9 448037  |a BIBEDU  |b BIBEDU  |d 2019-11-22  |i 484243K  |o 428 GRA 1985  |p 484243K  |r 2019-11-22  |w 2019-11-22  |y BK  |k LIT